| 000 | 01184ngm a2200277 a 4500 | ||
|---|---|---|---|
| 005 | 20220317001259.0 | ||
| 008 | 160825s1984 ck g 000 0 spa | ||
| 082 | 0 | 4 |
_a791.436 _bM14cn |
| 100 | 1 | _aNorden, Francisco | |
| 245 | 1 | 0 |
_aCóndores no entierran todos los días _cdirección Francisco Norden _hvideograbación |
| 250 | _a1a. edición | ||
| 300 |
_a1 vieocasete en VHS (90 minutos) _bsonido, color _c20 cm |
||
| 490 |
_aLa maleta _ppelículas colombianas |
||
| 500 | _aLa película pertenece a la colección La Maleta. Dirigida para un público adulto. Basada en la obra homónima de Gustavo Álvarez Gardeazabal | ||
| 650 | 1 | 4 |
_2LEMB _aPelículas cinematográficas colombianas _vVideocasetes |
| 650 | 1 | 4 |
_2LEMB _aViolencia política en el cine _vVideocasetes |
| 650 | 1 | 4 |
_2LEMB _aConflicto armado en el cine _vVideocasetes |
| 650 | 1 | 4 |
_2LEMB _aVida social en el cine _vVideocasetes |
| 700 | 1 |
_aNorden, Francisco _968653 |
|
| 942 |
_2ddc _cVIDEOCASET |
||
| 264 |
_aBogotá _bMinisterio de Cultura _c1984 |
||
| 336 |
_atexto _btxt _2rdacontent |
||
| 337 |
_asin mediación _bn _2rdamedia |
||
| 338 |
_avolumen _bnc _2rdacarrier |
||
| 040 |
_aCO-BoRNBP _bspa _erda _cCO-BoRNBP |
||
| 999 |
_c6478 _d6478 |
||